000 00686cab a2200241 4500
001 WB3234-40
008 090401t1996 xxu||||| |||| 00| 0 eng d
035 _a(Sirsi) u56388
041 _aeng
245 4 _aThe trouble with neighbours
260 _c1996
350 _a0
490 _aEstates Gazette
_v(9636) 7 September 1996, 142(1)
520 _aTwo recent CA decisions refine the principles of trespass, abatement and nuisance.
650 _aABATEMENT
650 _aCO-OPERATIVE WHOLESALE SOCIETY LTD V BRITISH RAILWAYS BOARD
650 _aGOODEN V KETLEY
650 _aNUISANCE
650 _aTRESPASS
690 _aLAW-CASE LAW
942 _n0
948 _c04/03/1997
999 _c34386
_d34386